Il Messia della Bibbia : (Record n. 357836)
[ formato base ]
| 000 -LEADER | |
|---|---|
| fixed length control field | 00795nam a2200265 i 4500 |
| 001 - CONTROL NUMBER | |
| control field | 000000045293 |
| 003 - CONTROL NUMBER IDENTIFIER | |
| control field | IT-MiSPE |
| 005 - DATE AND TIME OF LATEST TRANSACTION | |
| control field | 20180509182658.0 |
| 008 - FIXED-LENGTH DATA ELEMENTS--GENERAL INFORMATION | |
| fixed length control field | 041027s1993 xx u000 u ita c |
| 020 ## - INTERNATIONAL STANDARD BOOK NUMBER | |
| International Standard Book Number | 9788826301884 |
| 035 ## - SYSTEM CONTROL NUMBER | |
| System control number | (IT-RoPUS)45293 |
| 040 ## - CATALOGING SOURCE | |
| Original cataloging agency | IT-MiSPE |
| Language of cataloging | ita |
| Transcribing agency | IT-MiSPE |
| 082 00 - DEWEY DECIMAL CLASSIFICATION NUMBER | |
| Classification number | 232.09-CAZ he me (23128) |
| 100 1# - MAIN ENTRY--PERSONAL NAME | |
| Personal name | Cazelles, Henri. |
| 9 (RLIN) | 14866 |
| Dates associated with a name | 1912-2009 |
| 240 10 - UNIFORM TITLE | |
| Uniform title | Messie de la Bible. |
| Language of a work | Italiano. |
| 245 13 - TITLE STATEMENT | |
| Title | Il Messia della Bibbia : |
| Remainder of title | cristologia dell'Antico Testamento / |
| Statement of responsibility, etc. | Henri Cazelles. |
| 260 ## - PUBLICATION, DISTRIBUTION, ETC. (IMPRINT) | |
| Place of publication, distribution, etc. | Roma : |
| Name of publisher, distributor, etc. | Borla, |
| Date of publication, distribution, etc. | 1993. |
| 300 ## - PHYSICAL DESCRIPTION | |
| Extent | 207 p. ; |
| Dimensions | 21 cm |
| 490 1# - SERIES STATEMENT | |
| Series statement | Kyrios |
| 500 ## - GENERAL NOTE | |
| General note | Trad. di Antonia Mastrandrea. |
| 655 ## - INDEX TERM--GENRE/FORM | |
| Genre/form data or focus term | Cristologia |
| General subdivision | Antico Testamento |
| 9 (RLIN) | 57036 |
| 830 #0 - SERIES ADDED ENTRY--UNIFORM TITLE | |
| Uniform title | Kyrios. |
| 9 (RLIN) | 57035 |
| 942 ## - ADDED ENTRY ELEMENTS (KOHA) | |
| Koha item type | LIBRO |
| Source of classification or shelving scheme | Dewey Decimal Classification |
| Withdrawn status | Lost status | Source of classification or shelving scheme | Damaged status | Not for loan | Home library | Current library | Date acquired | Total Checkouts | Full call number | Barcode | Date last seen | Price effective from | Koha item type |
|---|---|---|---|---|---|---|---|---|---|---|---|---|---|
| Dewey Decimal Classification | Buone Condizioni | Not For Loan | CINISELLO | CINISELLO | 06/05/2018 | 232.09-CAZ he me (23128) | 9788826301884 | 06/05/2018 | 06/05/2018 | LIBRO |